रिश्तों की सर्विसिंग: कहानी - संग्रह (Record no. 1235825)
[ view plain ]
| 000 -LEADER | |
|---|---|
| fixed length control field | 00972nam a2200253Ia 4500 |
| 003 - CONTROL NUMBER IDENTIFIER | |
| control field | OSt |
| 005 - DATE AND TIME OF LATEST TRANSACTION | |
| control field | 20250220144320.0 |
| 008 - FIXED-LENGTH DATA ELEMENTS--GENERAL INFORMATION | |
| fixed length control field | 008 250107s9999 xx 000 0 hin d |
| 020 ## - INTERNATIONAL STANDARD BOOK NUMBER | |
| International Standard Book Number | 978-8196779368 |
| 037 ## - SOURCE OF ACQUISITION | |
| Stock number | REF |
| 040 ## - CATALOGING SOURCE | |
| Original cataloging agency | CRL |
| Language of cataloging | hin |
| Transcribing agency | CRL |
| 041 ## - LANGUAGE CODE | |
| Language code of text/sound track or separate title | mah |
| Source of code | hin |
| 084 ## - COLON CLASSIFICATION NUMBER | |
| Classification number | k1 Q4.1-.5 (RR) |
| 084 ## - COLON CLASSIFICATION NUMBER | |
| Assigning agency | CRL |
| 100 ## - MAIN ENTRY--PERSONAL NAME | |
| Personal name | ठाकूर, विश्वास जयदेव, ले. |
| 9 (RLIN) | 566946 |
| 245 #0 - TITLE STATEMENT | |
| Title | रिश्तों की सर्विसिंग: कहानी - संग्रह |
| Statement of responsibility, etc. | ठाकूर, विश्वास जयदेव, ले. |
| 260 ## - PUBLICATION, DISTRIBUTION, ETC. | |
| Place of publication, distribution, etc. | गाजियाबाद, भारत |
| Name of publisher, distributor, etc. | अंतिका प्रकाशन |
| Date of publication, distribution, etc. | 3437 |
| 300 ## - PHYSICAL DESCRIPTION | |
| Extent | 136पृ0 |
| 365 ## - TRADE PRICE | |
| Price type code | INR |
| Price amount | 1600 |
| 546 ## - LANGUAGE NOTE | |
| Language note | Translated from Marathi to Hindi |
| 650 ## - SUBJECT ADDED ENTRY--TOPICAL TERM | |
| Topical term or geographic name entry element | मराठी कहानीमराठी साहित्य |
| 9 (RLIN) | 729877 |
| 942 ## - ADDED ENTRY ELEMENTS (KOHA) | |
| Koha item type | Reference |
| Classification part | k1 Q4.1-.5 (RR) |
| Source of classification or shelving scheme | Colon Classification (CC) |
| Suppress in OPAC | No |
| Withdrawn status | Lost status | Damaged status | Not for loan | Home library | Current library | Date acquired | Source of acquisition | Cost, normal purchase price | Total Checkouts | Full call number | Barcode | Date last seen | Price effective from | Koha item type |
|---|---|---|---|---|---|---|---|---|---|---|---|---|---|---|
| Central Library | Central Library | 2025-01-08 | Gift, 14/08/2024, | 1600.00 | O155,3NTHx 152R4 | CL1699449 | 2025-01-08 | 2025-01-08 | Reference |
